<?xml version="1.0" encoding="UTF-8"?>
<collection xmlns="http://www.loc.gov/MARC21/slim">
 <record>
  <leader>02087aam a22002538a 4500</leader>
  <controlfield tag="001">NCT_20678</controlfield>
  <controlfield tag="008">160713s2016                  ||||||viesd</controlfield>
  <datafield tag="999" ind1=" " ind2=" ">
   <subfield code="c">982</subfield>
   <subfield code="d">982</subfield>
  </datafield>
  <datafield tag="020" ind1=" " ind2=" ">
   <subfield code="c">70000</subfield>
  </datafield>
  <datafield tag="082" ind1="0" ind2="4">
   <subfield code="2">23rd ed.</subfield>
   <subfield code="a">338.5</subfield>
   <subfield code="b">Th500</subfield>
  </datafield>
  <datafield tag="100" ind1="1" ind2=" ">
   <subfield code="a">Võ Thanh Thu </subfield>
   <subfield code="e">Chủ biên</subfield>
  </datafield>
  <datafield tag="245" ind1="1" ind2="0">
   <subfield code="a">Kinh tế và phân tích hoạt động kinh doanh thương mại </subfield>
   <subfield code="c">Võ Thanh Thu (chủ biên); Ngô Thị Hải Xuân</subfield>
  </datafield>
  <datafield tag="260" ind1=" " ind2=" ">
   <subfield code="a">Tp.HCM</subfield>
   <subfield code="b">Tổng hợp thành phố Hồ Chí Minh</subfield>
   <subfield code="c">2011</subfield>
  </datafield>
  <datafield tag="300" ind1=" " ind2=" ">
   <subfield code="a">453tr.</subfield>
   <subfield code="b">Mô hình</subfield>
   <subfield code="c">21cm</subfield>
  </datafield>
  <datafield tag="520" ind1="3" ind2=" ">
   <subfield code="a">Giới thiệu hoạt động thương mại trong bối cảnh hội nhập kinh tế quốc tế. Những vấn đề cơ bản về phân tích hoạt động trong kinh doanh. Doanh thu và hoạt động xuất nhập khẩu của doanh nghiệp. Phân tích hoạt động thương mại nội địa của công ty. Dự trữ hàng hoá trong hoạt động thương mại. Chi phí, lợi nhuận và hiệu quả kinh doanh thương mại. Vốn và nguồn gốc của doanh nghiệp thương mại </subfield>
  </datafield>
  <datafield tag="653" ind1=" " ind2=" ">
   <subfield code="a">Quản trị kinh doanh</subfield>
  </datafield>
  <datafield tag="700" ind1="1" ind2=" ">
   <subfield code="a">Ngô Thị Hải Xuân</subfield>
  </datafield>
  <datafield tag="942" ind1=" " ind2=" ">
   <subfield code="2">ddc</subfield>
   <subfield code="c">BK</subfield>
  </datafield>
  <datafield tag="952" ind1=" " ind2=" ">
   <subfield code="0">0</subfield>
   <subfield code="1">0</subfield>
   <subfield code="2">ddc</subfield>
   <subfield code="4">0</subfield>
   <subfield code="6">338_500000000000000_TH500</subfield>
   <subfield code="7">0</subfield>
   <subfield code="9">11457</subfield>
   <subfield code="a">000001</subfield>
   <subfield code="b">000001</subfield>
   <subfield code="d">2018-06-22</subfield>
   <subfield code="o">338.5 Th500</subfield>
   <subfield code="p">MD.06485</subfield>
   <subfield code="r">2018-06-22</subfield>
   <subfield code="v">70000.00</subfield>
   <subfield code="w">2018-06-22</subfield>
   <subfield code="y">BK</subfield>
  </datafield>
  <datafield tag="952" ind1=" " ind2=" ">
   <subfield code="0">0</subfield>
   <subfield code="1">0</subfield>
   <subfield code="2">ddc</subfield>
   <subfield code="4">0</subfield>
   <subfield code="6">338_500000000000000_TH500</subfield>
   <subfield code="7">0</subfield>
   <subfield code="9">11458</subfield>
   <subfield code="a">000001</subfield>
   <subfield code="b">000001</subfield>
   <subfield code="d">2018-06-22</subfield>
   <subfield code="o">338.5 Th500</subfield>
   <subfield code="p">MD.06486</subfield>
   <subfield code="r">2018-06-22</subfield>
   <subfield code="v">70000.00</subfield>
   <subfield code="w">2018-06-22</subfield>
   <subfield code="y">BK</subfield>
  </datafield>
  <datafield tag="952" ind1=" " ind2=" ">
   <subfield code="0">0</subfield>
   <subfield code="1">0</subfield>
   <subfield code="2">ddc</subfield>
   <subfield code="4">0</subfield>
   <subfield code="6">338_500000000000000_TH500</subfield>
   <subfield code="7">0</subfield>
   <subfield code="9">11459</subfield>
   <subfield code="a">000001</subfield>
   <subfield code="b">000001</subfield>
   <subfield code="d">2018-06-22</subfield>
   <subfield code="o">338.5 Th500</subfield>
   <subfield code="p">MD.06487</subfield>
   <subfield code="r">2018-06-22</subfield>
   <subfield code="v">70000.00</subfield>
   <subfield code="w">2018-06-22</subfield>
   <subfield code="y">BK</subfield>
  </datafield>
  <datafield tag="952" ind1=" " ind2=" ">
   <subfield code="0">0</subfield>
   <subfield code="1">0</subfield>
   <subfield code="2">ddc</subfield>
   <subfield code="4">0</subfield>
   <subfield code="6">338_500000000000000_TH500</subfield>
   <subfield code="7">0</subfield>
   <subfield code="9">11460</subfield>
   <subfield code="a">000001</subfield>
   <subfield code="b">000001</subfield>
   <subfield code="d">2018-06-22</subfield>
   <subfield code="l">1</subfield>
   <subfield code="o">338.5 Th500</subfield>
   <subfield code="p">MD.06488</subfield>
   <subfield code="r">2018-11-01</subfield>
   <subfield code="s">2018-10-16</subfield>
   <subfield code="v">70000.00</subfield>
   <subfield code="w">2018-06-22</subfield>
   <subfield code="y">BK</subfield>
  </datafield>
  <datafield tag="952" ind1=" " ind2=" ">
   <subfield code="0">0</subfield>
   <subfield code="1">0</subfield>
   <subfield code="2">ddc</subfield>
   <subfield code="4">0</subfield>
   <subfield code="6">338_500000000000000_TH500</subfield>
   <subfield code="7">0</subfield>
   <subfield code="9">11461</subfield>
   <subfield code="a">000001</subfield>
   <subfield code="b">000001</subfield>
   <subfield code="d">2018-06-22</subfield>
   <subfield code="o">338.5 Th500</subfield>
   <subfield code="p">MD.06489</subfield>
   <subfield code="r">2018-06-22</subfield>
   <subfield code="v">70000.00</subfield>
   <subfield code="w">2018-06-22</subfield>
   <subfield code="y">BK</subfield>
  </datafield>
  <datafield tag="980" ind1=" " ind2=" ">
   <subfield code="a">Thư viện Trường Đại học Nam Cần Thơ</subfield>
  </datafield>
 </record>
</collection>
